[Event "7th Fischer Memorial GM 2019"]
[Site "Anogia"]
[Date "2019.09.13"]
[Round "3.1"]
[White "Kapnisis, Spyridon"]
[Black "Baenziger, Fabian"]
[Result "1/2-1/2"]
[WhiteElo "2465"]
[BlackElo "2366"]
[Annotator "ChessBase"]
[PlyCount "47"]
[EventDate "2019.09.11"]
[EventType "tourn"]
[EventCountry "GRE"]
[SourceTitle "playchess.com"]
[Source "ChessBase"]
[SourceQuality "1"]
[TimeControl "40/5400+30:1800+30"]

1. e4 {[%emt 0:00:00]} c5 {[%emt 0:00:00]} 2. Nf3 {[%emt 0:00:00]} d6 {[%emt 0:00:13]} 3. Bb5+ {[%emt 0:00:00]} Nd7 {[%emt 0:00:31]} 4. a4 {[%emt 0:00:20]} Ngf6 {[%emt 0:00:39]} 5. Nc3 {[%emt 0:00:07]} e6 {[%emt 0:00:33]} 6. O-O {[%emt 0:01:48]} a6 {[%emt 0:02:07]} 7. Be2 {[%emt 0:00:13]} b6 {[%emt 0:00:29]} 8. d4 {[%emt 0:00:37]} cxd4 {[%emt 0:00:17]} 9. Qxd4 {[%emt 0:00:22]} Qc7 {[%emt 0:00:58]} 10. Rd1 {[%emt 0:17:44]} Bb7 {[%emt 0:02:46]} 11. Be3 {[%emt 0:03:19]} Be7 {[%emt 0:03:27]} 12. Nd2 {[%emt 0:02:56]} O-O {[%emt 0:17:43]} 13. Nc4 {[%emt 0:03:14]} d5 {[%emt 0:14:38]} 14. exd5 {[%emt 0:03:40]} Nxd5 {[%emt 0:00:35]} 15. Nxd5 {[%emt 0:00:57]} Bxd5 {[%emt 0:03:44]} 16. Bf4 {[%emt 0:03:55]} Qb7 {[%emt 0:07:10]} 17. Nd6 {[%emt 0:04:12]} Qa7 {[%emt 0:00:00]} 18. Ra3 {[%emt 0:28:58]} Bf6 {[%emt 0:00:00]} 19. Qb4 Ne5 {[%emt 0:08:28]} 20. c4 {[%emt 0:00:40]} Bc6 {[%emt 0:11:21]} 21. Nb5 {[%emt 0:02:00]} Qb7 {[%emt 0:00:00]} 22. Nd6 {[%emt 0:00:08]} Qa7 {[%emt 0:00:00]} 23. Nb5 {[%emt 0:00:20]} Qb7 {[%emt 0:00:00]} 24. Nd6 {[%emt 0:13:56]} 1/2-1/2

[Event "7th Fischer Memorial GM 2019"]
[Site "Anogia"]
[Date "2019.09.13"]
[Round "3.2"]
[White "Akash Pc, Iyer"]
[Black "Kaasen, Tor Fredrik"]
[Result "1-0"]
[WhiteElo "2431"]
[BlackElo "2405"]
[Annotator "NA"]
[PlyCount "83"]
[EventDate "2019.09.11"]
[EventType "tourn"]
[EventCountry "GRE"]
[SourceTitle "playchess.com"]
[Source "ChessBase"]
[SourceQuality "1"]
[TimeControl "40/5400+30:1800+30"]

1. d4 {[%emt 0:00:00]} Nf6 {[%emt 0:00:04]} 2. c4 {[%emt 0:00:00]} e6 {[%emt 0:00:08]} 3. Nc3 {[%emt 0:00:00]} Bb4 {[%emt 0:00:07]} 4. f3 {[%emt 0:00:00]} d5 {[%emt 0:08:40]} 5. a3 {[%emt 0:00:20]} Bxc3+ {[%emt 0:02:41]} 6. bxc3 {[%emt 0:00:07]} Nc6 {[%emt 0:00:05]} 7. cxd5 {[%emt 0:03:11]} exd5 {[%emt 0:00:37]} 8. e3 {[%emt 0:02:11]} Bf5 {[%emt 0:02:24]} 9. Ne2 {[%emt 0:01:37]} O-O {[%emt 0:04:48]} 10. Nf4 {[%emt 0:03:53]} Na5 {[%emt 0:07:53]} 11. Be2 {[%emt 0:12:02]} h6 {[%emt 0:06:29]} 12. g4 {[%emt 0:02:17]} Bh7 {[%emt 0:02:16]} 13. h4 {[%emt 0:02:36]} Ne8 {[%emt 0:00:54]} 14. Kf2 {[%emt 0:06:22]} c6 {[%emt 0:13:48]} 15. a4 {[%emt 0:02:17]} g6 {[%emt 0:03:08]} 16. g5 {[%emt 0:02:30]} h5 {[%emt 0:10:03]} 17. Ba3 {[%emt 0:00:52]} Nd6 {[%emt 0:00:15]} 18. Qb1 {[%emt 0:01:43]} Re8 {[%emt 0:13:36]} 19. Bd3 {[%emt 0:08:01]} Ndc4 {[%emt 0:00:23]} 20. Bc1 {[%emt 0:00:36]} f5 {[%emt 0:04:37]} 21. gxf6 {[%emt 0:00:48]} Qxf6 {[%emt 0:01:02]} 22. Ra2 {[%emt 0:08:04]} Nxe3 {[%emt 0:01:33]} 23. Bxe3 {[%emt 0:00:29]} Rxe3 {[%emt 0:00:04]} 24. Kxe3 {[%emt 0:00:08]} Re8+ {[%emt 0:00:05]} 25. Kf2 {[%emt 0:00:11]} Qxf4 {[%emt 0:00:09]} 26. Re2 {[%emt 0:01:10]} Rxe2+ {[%emt 0:05:53]} 27. Kxe2 {[%emt 0:00:17]} Kf7 {[%emt 0:00:05]} 28. Qc1 {[%emt 0:02:59]} Qxc1 {[%emt 0:00:25]} 29. Rxc1 {[%emt 0:00:05]} b6 {[%emt 0:00:09]} 30. f4 {[%emt 0:00:13]} Kf6 {[%emt 0:00:55]} 31. Kf3 {[%emt 0:00:48]} Nb7 {[%emt 0:04:18]} 32. c4 {[%emt 0:02:40]} Bg8 {[%emt 0:05:50]} 33. cxd5 {[%emt 0:06:30]} Bxd5+ {[%emt 0:00:20]} 34. Be4 {[%emt 0:00:06]} Bxe4+ {[%emt 0:02:37]} 35. Kxe4 {[%emt 0:00:02]} Nd8 {[%emt 0:00:10]} 36. d5 {[%emt 0:00:32]} cxd5+ {[%emt 0:00:58]} 37. Kxd5 {[%emt 0:00:02]} Nb7 {[%emt 0:00:30]} 38. Rc7 {[%emt 0:00:18]} Nc5 {[%emt 0:00:05]} 39. Rxa7 {[%emt 0:00:09]} Nd3 {[%emt 0:00:07]} 40. Rb7 {[%emt 0:00:00]} Nxf4+ {[%emt 0:00:00]} 41. Ke4 {[%emt 0:00:40]} Ne6 {[%emt 0:03:46]} 42. Rxb6 {[%emt 0:00:14]} 1-0

[Event "7th Fischer Memorial GM 2019"]
[Site "Anogia"]
[Date "2019.09.13"]
[Round "3.4"]
[White "Storey, Charles H"]
[Black "Stoyanov, Tsvetan"]
[Result "0-1"]
[WhiteElo "2282"]
[BlackElo "2373"]
[Annotator "NA"]
[PlyCount "94"]
[EventDate "2019.09.11"]
[EventType "tourn"]
[EventCountry "GRE"]
[SourceTitle "playchess.com"]
[Source "ChessBase"]
[SourceQuality "1"]
[TimeControl "40/5400+30:1800+30"]

1. e4 {[%emt 0:00:00]} c5 {[%emt 0:03:14]} 2. Nf3 {[%emt 0:00:00]} e6 {[%emt 0:00:15]} 3. d4 {[%emt 0:00:00]} cxd4 {[%emt 0:00:06]} 4. Nxd4 {[%emt 0:00:03]} a6 {[%emt 0:00:33]} 5. Bd3 {[%emt 0:00:15]} Qc7 {[%emt 0:00:45]} 6. O-O {[%emt 0:00:34]} Nf6 {[%emt 0:00:51]} 7. c3 {[%emt 0:04:15]} Nc6 {[%emt 0:07:45]} 8. Nd2 {[%emt 0:02:30]} Be7 {[%emt 0:13:09]} 9. f4 {[%emt 0:01:32]} d6 {[%emt 0:07:16]} 10. N2f3 {[%emt 0:01:42]} Bd7 {[%emt 0:02:47]} 11. Kh1 {[%emt 0:00:47]} e5 {[%emt 0:01:28]} 12. Ne2 {[%emt 0:01:41]} Rd8 {[%emt 0:08:01]} 13. Ng3 {[%emt 0:06:05]} h5 {[%emt 0:09:11]} 14. Qe2 {[%emt 0:03:25]} g6 {[%emt 0:05:33]} 15. fxe5 {[%emt 0:06:39]} dxe5 {[%emt 0:00:48]} 16. Bg5 {[%emt 0:02:04]} Be6 {[%emt 0:08:26]} 17. Bc4 {[%emt 0:10:25]} Bxc4 {[%emt 0:03:07]} 18. Qxc4 {[%emt 0:00:06]} b5 {[%emt 0:00:02]} 19. Qe2 {[%emt 0:02:30]} Ng4 {[%emt 0:01:15]} 20. h4 {[%emt 0:09:24]} f6 {[%emt 0:00:17]} 21. Be3 {[%emt 0:00:28]} Na5 {[%emt 0:05:53]} 22. b3 {[%emt 0:00:36]} Nb7 {[%emt 0:03:03]} 23. Rac1 {[%emt 0:02:41]} Ba3 {[%emt 0:05:15]} 24. Rc2 {[%emt 0:01:29]} Bc5 {[%emt 0:00:01]} 25. Bxc5 {[%emt 0:05:15]} Nxc5 {[%emt 0:01:09]} 26. Nh2 {[%emt 0:05:32]} Nxh2 {[%emt 0:00:16]} 27. Kxh2 {[%emt 0:00:49]} Qe7 {[%emt 0:00:04]} 28. Nh1 {[%emt 0:07:31]} O-O {[%emt 0:03:50]} 29. Rf3 {[%emt 0:00:00]} Ne6 {[%emt 0:02:03]} 30. g3 {[%emt 0:00:00]} b4 {[%emt 0:00:52]} 31. Qxa6 {[%emt 0:00:00]} Ra8 {[%emt 0:01:45]} 32. Qf1 {[%emt 0:00:09]} Rac8 {[%emt 0:00:44]} 33. Qc1 {[%emt 0:02:28]} Kg7 {[%emt 0:02:51]} 34. Nf2 {[%emt 0:02:13]} Qc7 {[%emt 0:00:52]} 35. c4 {[%emt 0:01:15]} Nd4 {[%emt 0:00:07]} 36. Rd3 {[%emt 0:00:05]} Nxc2 {[%emt 0:01:02]} 37. Qxc2 {[%emt 0:00:04]} Rfd8 {[%emt 0:02:42]} 38. Rf3 {[%emt 0:00:29]} Rd4 {[%emt 0:00:22]} 39. Qc1 {[%emt 0:01:04]} Rcd8 {[%emt 0:01:07]} 40. a3 {[%emt 0:00:00]} bxa3 {[%emt 0:00:00]} 41. Qxa3 {[%emt 0:01:17]} Rd2 {[%emt 0:03:19]} 42. c5 {[%emt 0:02:13]} Qc6 {[%emt 0:02:28]} 43. b4 {[%emt 0:00:13]} Ra8 {[%emt 0:08:01]} 44. Qe3 {[%emt 0:04:46]} Raa2 {[%emt 0:00:19]} 45. Kg1 {[%emt 0:01:16]} Qa6 {[%emt 0:03:13]} 46. Kg2 {[%emt 0:01:22]} Rd1 {[%emt 0:01:07]} 47. c6 {[%emt 0:02:10]} Qf1+ {[%emt 0:00:07]} 0-1

[Event "7th Fischer Memorial GM 2019"]
[Site "Anogia"]
[Date "2019.09.13"]
[Round "3.5"]
[White "Percivaldi, Martin"]
[Black "Mitsis, Georgios"]
[Result "1-0"]
[WhiteElo "2396"]
[BlackElo "2374"]
[Annotator "NA"]
[PlyCount "145"]
[EventDate "2019.09.11"]
[EventType "tourn"]
[EventCountry "GRE"]
[SourceTitle "playchess.com"]
[Source "ChessBase"]
[SourceQuality "1"]
[TimeControl "40/5400+30:1800+30"]

1. d4 {[%emt 0:00:00]} Nf6 {[%emt 0:07:58]} 2. c4 {[%emt 0:00:00]} e6 {[%emt 0:00:16]} 3. Nf3 {[%emt 0:00:04]} d5 {[%emt 0:00:14]} 4. g3 {[%emt 0:00:20]} Bb4+ {[%emt 0:00:20]} 5. Bd2 {[%emt 0:00:19]} Be7 {[%emt 0:00:18]} 6. Bg2 {[%emt 0:00:30]} O-O {[%emt 0:00:11]} 7. O-O {[%emt 0:00:48]} c6 {[%emt 0:00:19]} 8. Qb3 {[%emt 0:00:57]} Nbd7 {[%emt 0:00:32]} 9. Rc1 {[%emt 0:00:12]} b6 {[%emt 0:05:39]} 10. cxd5 {[%emt 0:01:00]} cxd5 {[%emt 0:00:16]} 11. Nc3 {[%emt 0:00:21]} Bb7 {[%emt 0:01:40]} 12. a4 {[%emt 0:00:11]} Ne4 {[%emt 0:06:19]} 13. Bf4 {[%emt 0:08:09]} g5 {[%emt 0:12:40]} 14. Nxe4 {[%emt 0:01:56]} dxe4 {[%emt 0:15:12]} 15. Bc7 {[%emt 0:00:10]} Qe8 {[%emt 0:00:07]} 16. Nd2 {[%emt 0:08:58]} Bd5 {[%emt 0:00:08]} 17. Qd1 {[%emt 0:06:54]} f5 {[%emt 0:01:08]} 18. Nc4 {[%emt 0:15:02]} Nf6 {[%emt 0:09:41]} 19. e3 {[%emt 0:07:11]} h5 {[%emt 0:12:02]} 20. Ne5 {[%emt 0:03:52]} h4 {[%emt 0:02:02]} 21. Bf1 {[%emt 0:02:27]} g4 {[%emt 0:00:32]} 22. Bb5 {[%emt 0:04:26]} Qh5 {[%emt 0:00:08]} 23. Nc6 {[%emt 0:00:44]} Qf7 {[%emt 0:08:47]} 24. Nxe7+ {[%emt 0:03:11]} Qxe7 {[%emt 0:00:05]} 25. Ba6 {[%emt 0:02:55]} Nh7 {[%emt 0:10:41]} 26. Be5 {[%emt 0:02:57]} Ng5 {[%emt 0:00:28]} 27. Rc7 {[%emt 0:00:18]} Nh3+ {[%emt 0:02:35]} 28. Kf1 {[%emt 0:02:59]} Qg5 {[%emt 0:00:07]} 29. Rg7+ {[%emt 0:02:26]} Qxg7 {[%emt 0:00:05]} 30. Bxg7 {[%emt 0:00:05]} Kxg7 {[%emt 0:00:04]} 31. Rc1 {[%emt 0:00:19]} Rf7 {[%emt 0:00:15]} 32. Bc4 {[%emt 0:00:30]} hxg3 {[%emt 0:00:50]} 33. hxg3 {[%emt 0:02:32]} Rd8 {[%emt 0:00:51]} 34. Bxd5 {[%emt 0:00:46]} Rxd5 {[%emt 0:01:34]} 35. Rc8 {[%emt 0:04:12]} Ng5 {[%emt 0:00:18]} 36. Qc1 {[%emt 0:03:32]} Rfd7 {[%emt 0:00:26]} 37. Qc6 {[%emt 0:01:09]} R5d6 {[%emt 0:00:14]} 38. Qa8 {[%emt 0:00:53]} Nf7 {[%emt 0:00:04]} 39. Rg8+ {[%emt 0:00:10]} Kf6 {[%emt 0:00:07]} 40. b4 {[%emt 0:00:00]} Rd5 {[%emt 0:00:00]} 41. b5 {[%emt 0:07:13]} R5d6 {[%emt 0:05:11]} 42. Qc8 {[%emt 0:02:12]} Rd5 {[%emt 0:00:53]} 43. Kg2 {[%emt 0:00:25]} R5d6 {[%emt 0:00:18]} 44. Qc1 {[%emt 0:00:53]} Ng5 {[%emt 0:04:05]} 45. Rf8+ {[%emt 0:03:16]} Kg6 {[%emt 0:03:01]} 46. Qc8 {[%emt 0:03:14]} Nf7 {[%emt 0:00:20]} 47. Qb8 {[%emt 0:02:20]} Kf6 {[%emt 0:01:18]} 48. Rg8 {[%emt 0:02:29]} Rd5 {[%emt 0:00:30]} 49. Qc8 {[%emt 0:02:50]} R5d6 {[%emt 0:00:12]} 50. Qc1 {[%emt 0:05:15]} Ng5 {[%emt 0:00:18]} 51. Rh8 {[%emt 0:00:14]} Nf7 {[%emt 0:04:07]} 52. Ra8 {[%emt 0:01:15]} Re7 {[%emt 0:00:58]} 53. Rc8 {[%emt 0:08:04]} Ng5 {[%emt 0:01:22]} 54. Kf1 {[%emt 0:00:33]} Rdd7 {[%emt 0:03:20]} 55. Ke2 {[%emt 0:00:09]} Rd6 {[%emt 0:00:37]} 56. Qc3 {[%emt 0:01:38]} Rd5 {[%emt 0:00:55]} 57. Kd1 {[%emt 0:00:37]} Red7 {[%emt 0:00:41]} 58. Kc1 {[%emt 0:00:27]} Nf7 {[%emt 0:00:19]} 59. Kb1 {[%emt 0:00:33]} Kg7 {[%emt 0:00:43]} 60. Ka2 {[%emt 0:01:43]} Kg6 {[%emt 0:02:59]} 61. Qc1 {[%emt 0:02:05]} Kg7 {[%emt 0:00:27]} 62. Ka3 {[%emt 0:00:04]} e5 {[%emt 0:02:41]} 63. dxe5 {[%emt 0:01:53]} Rd1 {[%emt 0:00:35]} 64. Qb2 {[%emt 0:02:07]} R1d3+ {[%emt 0:07:06]} 65. Kb4 {[%emt 0:04:02]} Rd2 {[%emt 0:00:05]} 66. Qc1 {[%emt 0:02:00]} Rd1 {[%emt 0:00:23]} 67. Qc6 {[%emt 0:00:49]} Nxe5 {[%emt 0:01:04]} 68. Qe6 {[%emt 0:01:03]} Nd3+ {[%emt 0:01:55]} 69. Ka3 {[%emt 0:00:11]} Rf7 {[%emt 0:01:06]} 70. Qe8 {[%emt 0:00:17]} Ra1+ {[%emt 0:00:41]} 71. Kb3 {[%emt 0:00:01]} Rb1+ {[%emt 0:00:08]} 72. Ka2 {[%emt 0:00:06]} Rc1 {[%emt 0:00:44]} 73. Qh8+ {[%emt 0:00:09]} 1-0

[Event "7th Fischer Memorial GM 2019"]
[Site "Anogia"]
[Date "2019.09.14"]
[Round "4.1"]
[White "Baenziger, Fabian"]
[Black "Mitsis, Georgios"]
[Result "1-0"]
[WhiteElo "2366"]
[BlackElo "2374"]
[Annotator "NA"]
[PlyCount "51"]
[EventDate "2019.09.11"]
[EventType "tourn"]
[EventCountry "GRE"]
[SourceTitle "playchess.com"]
[Source "ChessBase"]
[SourceQuality "1"]
[TimeControl "40/5400+30:1800+30"]

1. Nf3 {[%emt 0:00:00]} c5 {[%emt 0:05:02]} 2. g3 {[%emt 0:00:00]} Nc6 {[%emt 0:00:30]} 3. Bg2 {[%emt 0:00:05]} g6 {[%emt 0:00:06]} 4. O-O {[%emt 0:00:34]} Bg7 {[%emt 0:00:05]} 5. Nc3 {[%emt 0:00:52]} d6 {[%emt 0:03:08]} 6. d3 {[%emt 0:01:20]} e6 {[%emt 0:00:17]} 7. e4 {[%emt 0:02:16]} Nge7 {[%emt 0:00:20]} 8. Bg5 {[%emt 0:03:26]} h6 {[%emt 0:04:41]} 9. Be3 {[%emt 0:00:43]} e5 {[%emt 0:01:14]} 10. Nd2 {[%emt 0:10:35]} Be6 {[%emt 0:01:39]} 11. Nc4 {[%emt 0:00:44]} Rb8 {[%emt 0:03:55]} 12. a4 {[%emt 0:02:13]} a6 {[%emt 0:03:54]} 13. f4 {[%emt 0:03:47]} exf4 {[%emt 0:21:05]} 14. Bxf4 {[%emt 0:04:32]} Bxc4 {[%emt 0:03:50]} 15. dxc4 {[%emt 0:00:07]} Bd4+ {[%emt 0:02:51]} 16. Kh1 {[%emt 0:00:18]} g5 {[%emt 0:00:12]} 17. Bd2 {[%emt 0:01:22]} Ng6 {[%emt 0:01:27]} 18. Qh5 {[%emt 0:00:30]} Nce5 {[%emt 0:00:30]} 19. Bh3 {[%emt 0:00:30]} Kf8 {[%emt 0:00:30]} 20. Nd5 {[%emt 0:00:30]} Kg7 {[%emt 0:00:30]} 21. c3 {[%emt 0:00:30]} Nxc4 {[%emt 0:00:30]} 22. cxd4 {[%emt 0:00:30]} Nxd2 {[%emt 0:00:30]} 23. Rf2 {[%emt 0:39:12]} g4 {[%emt 0:16:46]} 24. Qxg4 {[%emt 0:00:30]} Qg5 {[%emt 0:00:30]} 25. Qe2 {[%emt 0:00:30]} Nb3 {[%emt 0:00:30]} 26. Qf3 {[%emt 0:00:30]} 1-0

[Event "7th Fischer Memorial GM 2019"]
[Site "Anogia"]
[Date "2019.09.14"]
[Round "4.2"]
[White "Stoyanov, Tsvetan"]
[Black "Percivaldi, Martin"]
[Result "1-0"]
[WhiteElo "2373"]
[BlackElo "2396"]
[Annotator "TA"]
[PlyCount "115"]
[EventDate "2019.09.11"]
[EventType "tourn"]
[EventCountry "GRE"]
[SourceTitle "playchess.com"]
[Source "ChessBase"]
[SourceQuality "1"]

{[%evp 10,115,38,27,35,23,29,21,35,35,39,29,27,35,32,32,35,30,26,36,37,20,26,24,18,12,8,8,0,8,23,0,0,0,0,-25,-14,-1,-18,-58,-53,-56,0,-47,-41,-31,0,0,0,0,8,0,128,103,224,227,221,226,231,212,345,347,372,342,349,354,431,417,442,442,519,481,465,486,485,476,455,448,509,509,506,487,500,497,535,443,453,444,1566,1520,1963,1925,1839,1695,29983,29984,29984,29985,29985,29986,29986,29987,29987,29987,29987,29988,29988,29989]} 1. e4 e5 2. Nf3 Nc6 3. Bc4 Nf6 4. d3 h6 5. c3 d6 6. O-O g5 {C55: Two Knights: 4 d3, 4 d4 exd4 5 e5 and Max Lange Attack} 7. Re1 (7. Nbd2 Bg7 8. Bb3 Nh5 9. Nc4 Nf4 10. Ne3 Be6 11. d4 exd4 12. Nf5 Bxf5 13. exf5 dxc3 14. bxc3 {½-½ (41) Svidler,P (2735)-Vallejo Pons,F (2693) Karlsruhe/Baden Baden 2019}) 7... Bg7 8. a4 O-O {The position is equal.} 9. a5 a6 10. h3 Ne7 11. Nbd2 Ng6 12. Nf1 c6 13. Bb3 Re8 14. Ng3 $146 ({Predecessor:} 14. Be3) 14... d5 15. Nf5 Qc7 16. h4 {Black must now prevent Nxh6+!} Bxf5 17. exf5 Nxh4 18. Nxh4 gxh4 19. Qf3 Qd7 20. Qh3 Nh7 21. Qxh4 Qxf5 22. Bxh6 Bxh6 23. Qxh6 Re6 24. Qh3 Qxh3 25. gxh3 Rg6+ (25... Kg7 $15) 26. Kf1 Ng5 27. Bd1 f6 28. Re3 Ne6 29. Rg3 Kh7 30. Ra4 Rd8 (30... f5 $11 {keeps the balance.}) 31. Rb4 $36 {[%mdl 2048] aiming for Bg4. White has strong initiative.} Rb8 (31... Rxg3 $16 32. fxg3 Rb8) 32. Bg4 $1 $18 {[%cal Rg4f5]} Ng7 33. Bd7 c5 34. Rb6 Rd8 (34... Rh6 $142 35. Bc6 {[%mdl 64] Pin} Nf5) 35. Rxb7 {Bf5! is the strong threat.} Kh6 36. Rxg6+ Kxg6 {[%mdl 4096] Endgame KRB-KRN} 37. Bc6 Nh5 {If only Black now had time for ...Nf4....} 38. Rb6 Nf4 39. Rxa6 Rh8 40. Rb6 Rxh3 {[%cal Rh3h1] [#]} 41. Ke1 $1 Rh1+ 42. Kd2 Ra1 43. a6 Kf5 44. c4 dxc4 45. Be4+ Kg4 46. dxc4 f5 47. Bb7 e4 {[#]} 48. Rb3 $1 {[%cal Rb3g3]} Nd3 (48... Ne6 $142 49. Ra3 Rf1) 49. Ra3 Rb1 50. a7 Rxb2+ 51. Kc3 Rxb7 52. a8=Q {White mates.} Rb1 53. Qg8+ Kf3 54. Qg3+ Ke2 55. Ra2+ Kf1 56. Qh2 {[%cal Rh2h1]} Rc1+ 57. Kb3 {[%cal Rh2h1]} Rb1+ 58. Ka3 {Accuracy: White = 81%, Black = 53%.} 1-0

[Event "7th Fischer Memorial GM 2019"]
[Site "Anogia"]
[Date "2019.09.14"]
[Round "4.3"]
[White "Levin, Evgeny A."]
[Black "Storey, Charles H"]
[Result "1-0"]
[WhiteElo "2511"]
[BlackElo "2282"]
[Annotator "ChessBase"]
[PlyCount "55"]
[EventDate "2019.09.11"]
[EventType "tourn"]
[EventCountry "GRE"]
[SourceTitle "playchess.com"]
[Source "ChessBase"]
[SourceQuality "1"]
[TimeControl "40/5400+30:1800+30"]

1. d4 Nf6 2. c4 b6 3. Nc3 Bb7 4. Qc2 e6 5. e4 Bb4 6. Bd3 c5 7. d5 b5 8. b3 exd5 9. exd5 O-O 10. Nge2 d6 11. O-O bxc4 12. bxc4 Nbd7 13. Bg5 h6 14. Bh4 Ba6 15. Ne4 g5 16. Nxg5 hxg5 17. Bxg5 Re8 18. a3 Ba5 19. Ng3 Re5 {[%emt 1:07:15]} 20. Nf5 {[%emt 1:20:20]} Rxf5 {[%emt 0:01:14]} 21. Bxf5 {[%emt 0:00:05]} Ne5 {[%emt 0:00:26]} 22. f4 {[%emt 0:04:19]} Nxc4 {[%emt 0:00:31]} 23. Rf3 {[%emt 0:01:44]} Qe7 {[%emt 0:00:14]} 24. Rg3 {[%emt 0:04:48]} Kf8 {[%emt 0:00:16]} 25. Bh6+ {[%emt 0:01:42]} Ke8 {[%emt 0:00:05]} 26. Qa4+ {[%emt 0:00:13]} Kd8 {[%emt 0:00:27]} 27. Bg5 {[%emt 0:00:26]} Kc7 {[%emt 0:07:18]} 28. Qc6+ {[%emt 0:01:10]} 1-0

[Event "7th Fischer Memorial GM 2019"]
[Site "Anogia"]
[Date "2019.09.14"]
[Round "4.4"]
[White "Kaasen, Tor Fredrik"]
[Black "Gretarsson, Helgi Ass"]
[Result "0-1"]
[WhiteElo "2405"]
[BlackElo "2410"]
[Annotator "NA"]
[PlyCount "84"]
[EventDate "2019.09.11"]
[EventType "tourn"]
[EventCountry "GRE"]
[SourceTitle "playchess.com"]
[Source "ChessBase"]
[SourceQuality "1"]
[TimeControl "40/5400+30:1800+30"]

1. e4 {[%emt 0:00:00]} d6 {[%emt 0:01:15]} 2. d4 {[%emt 0:00:19]} Nf6 {[%emt 0:00:06]} 3. Nc3 {[%emt 0:00:28]} g6 {[%emt 0:00:02]} 4. Bg5 {[%emt 0:04:22]} h6 {[%emt 0:02:00]} 5. Be3 {[%emt 0:04:07]} c6 {[%emt 0:07:04]} 6. f3 {[%emt 0:05:28]} b5 {[%emt 0:19:48]} 7. Bd3 {[%emt 0:04:13]} Nbd7 {[%emt 0:06:31]} 8. a4 {[%emt 0:04:20]} b4 {[%emt 0:00:19]} 9. Nce2 {[%emt 0:03:14]} e5 {[%emt 0:03:32]} 10. c3 {[%emt 0:05:25]} d5 {[%emt 0:00:28]} 11. Ng3 {[%emt 0:03:01]} bxc3 {[%emt 0:03:50]} 12. bxc3 {[%emt 0:00:37]} Qa5 {[%emt 0:00:13]} 13. Bd2 {[%emt 0:04:32]} Ba6 {[%emt 0:03:27]} 14. Qe2 {[%emt 0:03:29]} Bxd3 {[%emt 0:00:17]} 15. Qxd3 {[%emt 0:00:05]} Bg7 {[%emt 0:01:36]} 16. N1e2 {[%emt 0:04:01]} O-O {[%emt 0:00:30]} 17. O-O {[%emt 0:00:41]} Rfd8 {[%emt 0:19:43]} 18. Rfc1 {[%emt 0:10:45]} Rab8 {[%emt 0:05:30]} 19. Qc2 {[%emt 0:04:20]} dxe4 {[%emt 0:01:44]} 20. fxe4 {[%emt 0:01:23]} Qa6 {[%emt 0:00:09]} 21. h3 {[%emt 0:01:44]} Ne8 {[%emt 0:03:21]} 22. Rf1 {[%emt 0:09:03]} Qc4 {[%emt 0:01:55]} 23. Qc1 {[%emt 0:03:18]} h5 {[%emt 0:03:18]} 24. h4 {[%emt 0:02:57]} Nef6 {[%emt 0:05:05]} 25. Bh6 {[%emt 0:02:12]} Bh8 {[%emt 0:00:16]} 26. Rf3 {[%emt 0:07:53]} Re8 {[%emt 0:01:32]} 27. Qf1 {[%emt 0:00:17]} Ng4 {[%emt 0:00:41]} 28. Bg5 {[%emt 0:00:39]} exd4 {[%emt 0:00:25]} 29. cxd4 {[%emt 0:01:05]} Bxd4+ {[%emt 0:00:24]} 30. Nxd4 {[%emt 0:01:30]} Qxd4+ {[%emt 0:00:02]} 31. Kh1 {[%emt 0:00:01]} Nde5 {[%emt 0:01:05]} 32. Bf6 {[%emt 0:00:33]} Rb2 {[%emt 0:01:43]} 33. Bxe5 {[%emt 0:01:42]} Qxe5 {[%emt 0:01:23]} 34. Qc1 {[%emt 0:04:09]} Rd8 {[%emt 0:03:58]} 35. Qxc6 {[%emt 0:01:54]} Rxg2 {[%emt 0:00:24]} 36. Qc3 {[%emt 0:01:04]} Rdd2 {[%emt 0:03:20]} 37. Rb1 {[%emt 0:01:33]} Rh2+ {[%emt 0:00:50]} 38. Kg1 {[%emt 0:00:01]} Rdg2+ {[%emt 0:00:12]} 39. Kf1 {[%emt 0:00:03]} Rf2+ {[%emt 0:00:13]} 40. Kg1 {[%emt 0:00:00]} Rhg2+ {[%emt 0:00:00]} 41. Kh1 {[%emt 0:00:50]} Rxg3 {[%emt 0:05:36]} 42. Qxe5 {[%emt 0:02:54]} Rh2# {[%emt 0:00:37]} 0-1

[Event "7th Fischer Memorial GM 2019"]
[Site "Anogia"]
[Date "2019.09.14"]
[Round "4.5"]
[White "Kapnisis, Spyridon"]
[Black "Akash Pc, Iyer"]
[Result "1/2-1/2"]
[WhiteElo "2465"]
[BlackElo "2431"]
[Annotator "ChessBase"]
[PlyCount "64"]
[EventDate "2019.09.11"]
[EventType "tourn"]
[EventCountry "GRE"]
[SourceTitle "playchess.com"]
[Source "ChessBase"]
[SourceQuality "1"]
[TimeControl "40/5400+30:1800+30"]

1. e4 {[%emt 0:00:00]} c6 {[%emt 0:00:00]} 2. Nf3 {[%emt 0:00:56]} d5 {[%emt 0:00:00]} 3. d3 {[%emt 0:00:12]} Bg4 {[%emt 0:01:03]} 4. Be2 {[%emt 0:00:08]} e6 {[%emt 0:07:00]} 5. Nfd2 {[%emt 0:01:19]} Bxe2 {[%emt 0:00:09]} 6. Qxe2 {[%emt 0:00:03]} Nf6 {[%emt 0:02:09]} 7. O-O {[%emt 0:01:01]} Be7 {[%emt 0:01:15]} 8. f4 {[%emt 0:01:59]} O-O {[%emt 0:02:12]} 9. c4 {[%emt 0:08:49]} Na6 {[%emt 0:04:12]} 10. Nb3 {[%emt 0:11:03]} Nc5 {[%emt 0:05:00]} 11. Nxc5 {[%emt 0:07:12]} Bxc5+ {[%emt 0:00:08]} 12. Kh1 {[%emt 0:00:03]} h5 {[%emt 0:09:00]} 13. Nd2 {[%emt 0:06:10]} dxc4 {[%emt 0:14:39]} 14. dxc4 {[%emt 0:04:23]} Qd4 {[%emt 0:08:19]} 15. e5 {[%emt 0:07:06]} Ng4 {[%emt 0:01:04]} 16. Ne4 {[%emt 0:00:15]} Rfd8 {[%emt 0:04:42]} 17. Nxc5 {[%emt 0:12:24]} Qxc5 {[%emt 0:00:07]} 18. h3 {[%emt 0:00:26]} Nh6 {[%emt 0:00:06]} 19. Be3 {[%emt 0:00:11]} Qb4 {[%emt 0:00:13]} 20. g4 {[%emt 0:04:16]} hxg4 {[%emt 0:01:52]} 21. hxg4 {[%emt 0:00:29]} Qe7 {[%emt 0:00:06]} 22. Bf2 {[%emt 0:00:11]} Rd7 {[%emt 0:00:06]} 23. Rad1 {[%emt 0:06:29]} Rad8 {[%emt 0:00:27]} 24. Kg2 {[%emt 0:01:33]} Qb4 {[%emt 0:01:18]} 25. Rxd7 {[%emt 0:00:49]} Rxd7 {[%emt 0:00:05]} 26. Be3 {[%emt 0:01:30]} b5 {[%emt 0:00:39]} 27. cxb5 {[%emt 0:07:01]} cxb5 {[%emt 0:01:15]} 28. Rc1 {[%emt 0:00:12]} Rd8 {[%emt 0:06:25]} 29. Kf3 {[%emt 0:04:17]} Qe7 {[%emt 0:00:16]} 30. Kg3 {[%emt 0:00:06]} Qb4 {[%emt 0:00:25]} 31. Kf3 {[%emt 0:00:10]} Qe7 {[%emt 0:00:05]} 32. Kg3 {[%emt 0:00:18]} Qb4 {[%emt 0:00:06]} 1/2-1/2